000 00500nam a22001337a 4500
040 _cNUST
082 _a200 THE
100 _aAlishey Farrukh
_984270
110 _aSupervisor Dr. Afshan Naseem Co-Supervisor Dr. Muhammad Zeeshan Mirza
_984271
245 _aTH-SOF-1862- Psychological Contractual Violations in Manufacturing Industry: The Role of Organizational Cynicism and Work Disengagement
260 _aISLAMABAD:
_bNUST COLLEGE OF EME,
_c2021.
650 _aMS-EM-18
_984272
942 _2ddc
_cTHE
999 _c586793
_d586793